[Event "Oruro op 4th"]
[Site "Oruro"]
[Date "2023.02.11"]
[Round "6"]
[White "Silicuana Quispe, Cristhian"]
[Black "Condori Rodriguez, Asael"]
[Result "1-0"]
[WhiteElo "1586"]
[BlackElo "1202"]
[PlyCount "103"]
[EventDate "2023.02.09"]
[EventType "swiss"]
[EventRounds "7"]
[EventCountry "BOL"]
[SourceTitle "CBM 213 Extra"]
[Source "ChessBase"]
[SourceDate "2023.05.31"]
[SourceVersion "1"]
[SourceVersionDate "2023.05.31"]
[SourceQuality "1"]

1. e4 c5 2. d4 Nc6 3. dxc5 e6 4. Be3 Nf6 5. Nc3 Qa5 6. Qd2 Bxc5 7. 0-0-0 Bb4 8. f3 Bxc3 9. Qxc3 Qxa2 10. Bc5 Qa5 11. b4 Qd8 12. Bd6 a5 13. b5 Nb4 14. Bxb4 axb4 15. Qxb4 Ra1+ 16. Kd2 Qa5 17. Qxa5 Rxa5 18. Bd3 d6 19. Ne2 e5 20. Ra1 Rxa1 21. Rxa1 0-0 22. Ra7 g6 23. Nc3 g5 24. Bc4 Rd8 25. Nd5 Nxd5 26. Bxd5 Kf8 27. Bxb7 Rd7 28. Ra8 Rxb7 29. Rxc8+ Ke7 30. c4 h5 31. Kc3 g4 32. Kb4 gxf3 33. gxf3 Kd7 34. Rh8 Ra7 35. Rxh5 Ra1 36. Rh7 Kc7 37. Rxf7+ Kb6 38. Rd7 Rb1+ 39. Kc3 Rc1+ 40. Kb3 Rd1 41. h4 Rd3+ 42. Kb4 Rxf3 43. Rxd6+ Kb7 44. Re6 Rf4 45. Rxe5 Rxh4 46. Kc5 Rh6 47. Re7+ Kc8 48. b6 Kb8 49. Kb5 Rg6 50. c5 Rg1 51. Re8+ Kb7 52. c6# 1-0

[Event "Oruro op 4th"]
[Site "Oruro"]
[Date "2023.02.09"]
[Round "2"]
[White "Silicuana Quispe, Cristhian"]
[Black "Ramirez, Maria Eugenia"]
[Result "1-0"]
[WhiteElo "1586"]
[BlackElo "1990"]
[PlyCount "129"]
[EventDate "2023.02.09"]
[EventType "swiss"]
[EventRounds "7"]
[EventCountry "BOL"]
[SourceTitle "CBM 213 Extra"]
[Source "ChessBase"]
[SourceDate "2023.05.31"]
[SourceVersion "1"]
[SourceVersionDate "2023.05.31"]
[SourceQuality "1"]

1. e4 g6 2. d4 c5 3. c3 cxd4 4. cxd4 d5 5. e5 Bg7 6. Nc3 Nh6 7. Bg5 Nf5 8. g4 Nh6 9. Qd2 Ng8 10. h3 h6 11. Bh4 g5 12. Bg3 Nc6 13. Bg2 e6 14. Nb5 Bf8 15. Ne2 Qb6 16. Nbc3 Bb4 17. 0-0 Bd7 18. f4 gxf4 19. Rxf4 Nxe5 20. Rf2 Ng6 21. Qe3 Be7 22. Nf4 Nxf4 23. Qxf4 Rh7 24. Bxd5 Rc8 25. Bg2 Rg7 26. Rd1 Rc4 27. Kh2 Bd8 28. Ne4 Be7 29. Nd6+ Bxd6 30. Qxd6 Qxd6 31. Bxd6 b6 32. b3 Rc3 33. d5 Rg6 34. dxe6 Bxe6 35. Bb4 Rc8 36. Rfd2 Ne7 37. Bb7 Rb8 38. Ba6 Rg5 39. h4 Rxg4 40. Bb5+ Kf8 41. Rd8+ Kg7 42. Bxe7 Rb7 43. Bf8+ Kf6 44. R8d4 h5 45. Rf1+ Ke5 46. Rxg4 hxg4 47. Kg3 Rc7 48. Bg7+ Kd6 49. Bd3 f5 50. Bb2 Rf7 51. Kf4 Bd7 52. h5 Rh7 53. Rh1 Bc6 54. Bxf5 Rf7 55. Rd1+ Kc5 56. Kxg4 Bb5 57. Kg5 Be2 58. Rc1+ Kb4 59. h6 a5 60. Be6 Re7 61. a3+ Kb5 62. Bc4+ Bxc4 63. Rxc4 Re2 64. h7 Rg2+ 65. Rg4 1-0

[Event "La Paz Tricolor op"]
[Site "La Paz"]
[Date "2021.08.07"]
[Round "3"]
[White "Sustach, Marcos Antonio"]
[Black "Silicuana Quispe, Cristhian"]
[Result "1-0"]
[WhiteElo "2174"]
[BlackElo "1597"]
[PlyCount "73"]
[EventDate "2021.08.06"]
[EventType "swiss"]
[EventRounds "6"]
[EventCountry "BOL"]
[SourceTitle "EXT 2022"]
[Source "ChessBase"]
[SourceDate "2021.10.06"]
[SourceVersion "1"]
[SourceVersionDate "2021.10.06"]
[SourceQuality "1"]

1. e4 c5 2. Nc3 g6 3. f4 Bg7 4. Nf3 e6 5. e5 Ne7 6. Ne4 0-0 7. Nxc5 d6 8. exd6 Qxd6 9. d4 b6 10. Nb3 Bb7 11. c3 Nbc6 12. Be2 Nd5 13. g3 f6 14. 0-0 e5 15. dxe5 fxe5 16. c4 Nd4 17. Nfxd4 Nxf4 18. gxf4 exd4 19. Bf3 Bc6 20. Bd2 Rac8 21. Rc1 Bh6 22. Bxc6 Rxc6 23. Qf3 Rf5 24. Qe4 Bg7 25. Rfe1 a5 26. c5 bxc5 27. Nxa5 Ra6 28. Nc4 Qd7 29. a3 Rh5 30. Qe8+ Qxe8 31. Rxe8+ Kf7 32. Re4 Bf6 33. Rce1 g5 34. fxg5 Bxg5 35. Rf1+ Kg6 36. Rg4 Re6 37. h4 1-0